书目信息 |
| 题名: |
织物的颂词
|
|
| 作者: | 陶醉 著 | |
| 分册: | ||
| 出版信息: | 北京 中国纺织出版社 2016 |
|
| 页数: | 18,140页 | |
| 开本: | 24cm | |
| 丛书名: | ||
| 单 册: | ||
| 中图分类: | I227.1 , TS941.12 | |
| 科图分类: | ||
| 主题词: | 新诗--xin shi--诗集--中国--当代 , 服饰文化--fu shi wen hua--通俗读物 | |
| 电子资源: | ||
| ISBN: | 978-7-5180-3002-6 | |
| 000 | 00853nam0 22002531 450 | |
| 001 | 1752601359 | |
| 005 | 20170602161312.0 | |
| 010 | @a978-7-5180-3002-6@dCNY36.00 | |
| 100 | @a20170106d2016 em y0chiy50 ea | |
| 101 | 0 | @achi |
| 102 | @aCN@b110000 | |
| 105 | @ay z 000gy | |
| 106 | @ar | |
| 200 | 1 | @a织物的颂词@Azhi wu de song ci@f陶醉著 |
| 210 | @a北京@c中国纺织出版社@d2016 | |
| 215 | @a18,140页@d24cm | |
| 330 | @a本书从形而下的织物到宇宙时空、天地万物的交错穿梭,所有这一切都成为作者心灵世界的宏大织物意象,作者用诗歌的语言借此表达和抒写对“万物如织”的理解、洞悉与赞美。 | |
| 606 | 0 | @a新诗@Axin shi@x诗集@y中国@z当代 |
| 606 | 0 | @a服饰文化@Afu shi wen hua@j通俗读物 |
| 690 | @aI227.1@v5 | |
| 690 | @aTS941.12@v5 | |
| 701 | 0 | @a陶醉@Atao zui@c(产业作家)@4著 |
| 801 | 0 | @aCN@bTANG WEI@c20170601 |
| 905 | @b0972063-7@dI227.1@e487@f5 | |
| 织物的颂词/陶醉著.-北京:中国纺织出版社,2016 |
| 18,140页;24cm |
| ISBN 978-7-5180-3002-6:CNY36.00 |
| 本书从形而下的织物到宇宙时空、天地万物的交错穿梭,所有这一切都成为作者心灵世界的宏大织物意象,作者用诗歌的语言借此表达和抒写对“万物如织”的理解、洞悉与赞美。 |
| ● |
| 相关链接 |
|
|
|
|
正题名:织物的颂词
索取号:I227.1/487
 
预约/预借
| 序号 | 登录号 | 条形码 | 馆藏地/架位号 | 状态 | 备注 |
| 1 | 0972063 | 209720630 | 第一样本阅览室/ [索取号:I227.1/487] | 在馆 | |
| 2 | 0972064 | 209720649 | 第二借阅区/ [索取号:I227.1/487] | 在馆 | |
| 3 | 0972065 | 209720658 | 第二借阅区/ [索取号:I227.1/487] | 在馆 | |
| 4 | 0972066 | 209720667 | 第二借阅区/ [索取号:I227.1/487] | 在馆 | |
| 5 | 0972067 | 209720676 | 第二借阅区/ [索取号:I227.1/487] | 在馆 |